| 000 | 01379nam a2200385 i 4500 | ||
|---|---|---|---|
| 999 |
_c7672 _d7672 |
||
| 001 | 991060885568706706 | ||
| 003 | OSt | ||
| 005 | 20230327122646.0 | ||
| 008 | 221122e202211 spca||| |||| 0|0 0 cat| | ||
| 015 |
_aLL2022 _2bnc |
||
| 017 |
_aDL B 18348-2022 _bBiblioteca de Catalunya |
||
| 020 | _a9788418928673 | ||
| 040 |
_aES-BaBC _bcat _erda _cCDMR |
||
| 043 | _an-us--- | ||
| 080 |
_a32Trump, Donald _22004 |
||
| 080 |
_a94 _x(73) _x"20" _22004 |
||
| 080 |
_a32 _x(73) _x"2017/..." _22004 |
||
| 080 |
_a32 _x(73) _x"20" _22004 |
||
| 080 |
_a308 _x(73) _x"20" _22004 |
||
| 100 | 1 | _aReverter, Xesco, | |
| 245 | 1 | 0 |
_aEstats Units, el país de les contradiccions : _bcròniques d'una era turbulenta / _cXesco Reverter ; pròleg d'Antoni Bassas |
| 264 | 1 |
_aBarcelona : _bAra Llibres, _c2022 |
|
| 300 |
_a318 pàgines : _bil·lustracions en blanc i negre ; _c21 cm |
||
| 490 | 1 |
_aPausa ; _v13 |
|
| 600 | 1 | 7 |
_aTrump, Donald, _xInfluència. _2lemac |
| 650 | 7 |
_aPresidents _zEstats Units d'Amèrica _xElecció _y2016. _2lemac |
|
| 650 | 0 |
_aCorresponsals estrangers _zEstats Units d'Amèrica _92802 |
|
| 651 | 7 |
_aEstats Units d'Amèrica _xPolítica i govern _yS. XXI. _2lemac |
|
| 651 | 7 |
_aEstats Units d'Amèrica _xCondicions socials _yS. XXI. _2lemac |
|
| 700 | 1 |
_aBassas, Antoni _9771 |
|
| 830 | 0 |
_aPausa (Ara Llibres) ; _v13 |
|
| 908 |
_aBC _aUAB _aUB |
||
| 940 | _aBC | ||
| 942 |
_2udc _cMON |
||